00478nam a22001937a 450000500170000001000110001702000210002803500110004903700160006004000120007608200110008810000180009924500330011726000380015027000480018830000200023665000160025665000120027220170124110109.0 a561322 c00.00a246639695 a561322 bCen Lib/Ret aDPLbEN aNbDER aDe Roo, Anne  aMoa valley /cby Anne De Roo bRupert Hart-Davis c1969aLondon  bLondona3 upper James Street Golden Square  a204p.c19cm(Hb) aLiterature  aNovels